Chemisorption of gases on metals (Record no. 196664)

MARC details
000 -LEADER
fixed length control field 00387nam a2200157Ia 4500
008 - FIXED-LENGTH DATA ELEMENTS--GENERAL INFORMATION
fixed length control field 230917s9999||||xx |||||||||||||| ||und||
020 ## - ISBN
Price POU16.8
040 ## - CATALOGING SOURCE
-- 9499
Original cataloging agency VIVEKANANDA LIBRARY
041 ## - Language
-- English
082 ## - DDC NUMBER
Classification number 541.3453 T599C
100 ## - MAIN ENTRY--PERSONAL NAME
Personal name Tompkins, F C
245 #0 - TITLE STATEMENT
Title Chemisorption of gases on metals
260 ## - PUBLICATION, DISTRIBUTION, ETC. (IMPRINT)
Place of publication, distribution, etc London
Name of publisher, distributor, etc Academic Press
Date of publication, distribution, etc 1978
300 ## - PHYSICAL DESCRIPTION
Pages xii, 370 p.
942 ## - ADDED ENTRY ELEMENTS (KOHA)
Koha item type Books
Holdings
Withdrawn status Lost status Damaged status Not for loan Location (home branch) Sublocation or collection (holding branch) Date acquired Koha issues (times borrowed) Koha full call number Accession No. Koha date last seen Koha item type
        VIVEKANANDA LIBRARY VIVEKANANDA LIBRARY 08/08/2002   541.3453 T599C 5491 17/09/2023 Books
© Designed and Maintained by Vivekananda Library, MDU Rohtak